000 00536nam a2200181Ia 4500
999 _c3594
_d3594
003 OSt
005 20200812152154.0
008 190216s9999||||xx |||||||||||||| ||und||
020 _a9788131700938
040 _coclc
082 _a547.0076
_bFIN/P
100 _aFinar, I L
_94053
245 0 _aProblems And Their Solution In Organic Chemistry /
_cI L Finar
260 _bPearson Education Asia,
_c2013.
_aNew Delhi:
300 _a359p
650 _aChemistry
942 _cBK
_2ddc
_h547.0076
_iFIN/P
_k547.0076
_mFIN/P